| 000 | 00828nam a2200265 4500 | ||
|---|---|---|---|
| 005 | 20260322212016.0 | ||
| 008 | data | ||
| 010 | _a 72096342 | ||
| 020 | _a0226356442 | ||
| 020 | _a9780226356440 | ||
| 043 | _an-us--- | ||
| 050 | 0 |
_aHQ1154 _b.H86 |
|
| 090 | _aHQ 1236 H863 1973 | ||
| 245 | 0 | 0 |
_aChanging women in a changing society. _cedited by Joan Huber. |
| 260 | 0 |
_aChicago, _bUniversity of Chicago Press _c[1975, c1973] |
|
| 300 |
_a295 p. _c24 cm. |
||
| 500 | _a"Also appeared as volume 78, number 4 (January 1973) of American journal of sociology." | ||
| 504 | _aIncludes bibliographical references. | ||
| 650 | 0 |
_aWomen _xSocial conditions. |
|
| 650 | 0 |
_aFeminism _zUnited States. |
|
| 650 | 0 |
_aWomen _zUnited States. |
|
| 700 | 1 |
_aHuber, Joan, _d1925- |
|
| 730 | 4 | _aThe American journal of sociology. | |
| 001 | data | ||
| 999 |
_c343 _d343 |
||